Mecánica de suelos

Guardat en:
Dades bibliogràfiques
Autors principals: Lambe, T. William (Autor), Whitman, Robert V (Autor)
Format: Llibre
Idioma:espanyol
Publicat: Ciudad de México Limusa 2005
Matèries:
Etiquetes: Afegir etiqueta
Sense etiquetes, Sigues el primer a etiquetar aquest registre!

MARC

LEADER 00000nam a2200000 a 4500
001 UCI1980
003 CL-VaPUC
008 070727e20050000MX |||||||||||||||||spa|d
020 |a 9681818946 
082 0 4 |a 624.151  |b LAM  |2 21 
100 |a Lambe, T. William  |e author  |9 522798 
700 0 |a Whitman, Robert V  |e author  |9 522799 
245 1 0 |a Mecánica de suelos 
300 |a 582 p 
942 |c BK 
945 |d 20070727 00:00:00  |a jtorresc 
260 |a Ciudad de México  |b Limusa  |c 2005 
650 0 |a Mecánica de suelos  |9 260278 
583 |a last modification  |c 20070727 00:00:00  |k Rodrigo Vera 
999 |c 326646  |d 326644 
952 |0 0  |1 0  |2 ddc  |4 0  |6 624_151000000000000_LAM_2005  |7 0  |8 A  |9 408678  |a BIBING  |b BIBING  |c RES  |d 2019-11-22  |i 4359704  |l 9  |o 624.151 LAM 2005  |p 4359704  |r 2025-01-20  |s 2024-03-26  |w 2019-11-22  |y BK  |k CIC